000 00318nam a2200109Ia 4500
008 171205s9999 xx 000 0 und d
020 _a9780062430854
100 _aTrigiani, Adriana.
245 _cAdriana Trigiani
_aAll the Stars in the Heavens
260 _bThe Glory of Everything Company
_c2015
300 _a453 pages
999 _c347375
_d347375